Statistics for Best Actor Oscar Winners by Photo (1959-1940)

Click here to take the quiz!

General Stats

  • This quiz has been taken 247 times
  • The average score is 13 of 20

Answer Stats

Answer% Correct
Marlon Brando
94%
Humphrey Bogart
88%
James Stewart
88%
Charlton Heston
85%
Yul Brynner
80%
Laurence Olivier
77%
Gary Cooper
75%
Gary Cooper
75%
Bing Crosby
72%
David Niven
70%
Alec Guinness
69%
James Cagney
66%
Ernest Borgnine
65%
William Holden
54%
Ray Milland
41%
Jose Ferrer
39%
Fredric March
35%
Broderick Crawford
31%
Ronald Colman
30%
Paul Lukas
19%

Score Distribution

Percentile by Number Answered

Percent of People with Each Score

Your Score History

You have not taken this quiz